South Eastern Kenya University

Library Online Public Access Catalogue


Couples therapy / (Record no. 14281)

MARC details
000 -LEADER
fixed length control field 00635cam a2200181 a 4500
020 ## - ISBN
International Standard Book Number 0803971281 (cloth : acidfree paper)
020 ## - ISBN
International Standard Book Number 080397129X (pbk. : acidfree paper)
050 00 - LIBRARY OF CONGRESS CALL NUMBER
Classification Number RC488.5
Item Number .B46 1997
100 2# - MAIN ENTRY--Author
Personal name Berg-Cross, Linda.
245 10 - TITLE
Title Couples therapy /
Statement of responsibility, etc Linda Berg-Cross.
260 ## - PUBLICATION, DISTRIBUTION, ETC.(IMPRINT)
Place of publication, distribution, etc Thousand Oaks :
Name of publisher, distributor, etc Sage Publications,
Date of publication, distribution, etc c1997.
300 ## - PHYSICAL DESCRIPTION
Extent xv, 333 p. :
650 #0 - SUBJECT--TOPIC
General subdivision Problems, exercises, etc.
650 #0 - SUBJECT--TOPIC
General subdivision Problems, exercises, etc.
856 42 - URL/ELECTRONIC LOCATION AND ACCESS
Uniform Resource Identifier <a href="http://www.loc.gov/catdir/enhancements/fy0655/96035621-d.html">http://www.loc.gov/catdir/enhancements/fy0655/96035621-d.html</a>
856 41 - URL/ELECTRONIC LOCATION AND ACCESS
Uniform Resource Identifier <a href="http://www.loc.gov/catdir/enhancements/fy0655/96035621-t.html">http://www.loc.gov/catdir/enhancements/fy0655/96035621-t.html</a>
942 ## - ADDED ENTRY ELEMENTS(KOHA)
Source of classification or shelving scheme Library of Congress Classification
Koha item type General circulation
Holdings
Source of classification or shelving scheme Not for loan Location (home branch) Sublocation (holding branch) Shelving location Date accessioned Full call number Barcode Nonpublic note Koha item type
Library of Congress Classification   Main Campus Library Main Campus Library   20/05/2016 RC488.5 .B46 1997 2016/018426 amm General circulation
Kitui, Kenya.
+254736116989
library@seku.ac.ke